LEADER 01268nam a2200301 a 4500 001 000000130753 003 CaOOAMICUS 005 20121005144335.0 008 121005s2008 it u000 u ita r 020 $a978-88-7589-256-2 040 $aPUL$bita 082 04$a341.2422 100 1 $aScavizzi, Roberto.$0(OLS)http://pul/name/76979 245 10$aLineamenti di diritto processuale comunitario /$cRoberto Scavizzi. 260 $aMatelica (MC) :$bHalley,$c2008. 300 $a217 p. ;$c24 cm. 490 1 $aProfessionisti.Diritto comunitario 504 $aBibliografia p. 211-212. 650 4$aDiritto processuale comunitario.$0(OLS)http://pul/subject/39061 830 0$aProfessionisti (Halley).$pDiritto comunitario.$0(OLS)http://pul/title/165238 850 $aPUL 852 $aPUL$W1$xDP2 Diritto e Scienze Sociali 3$y110$m341. 2422 SCARO 1$j151163$qDDC 21$B149889$CPULBib$Z2$F149889 $H120903 $82 941 1 $a9 996 $6020$a978-88-7589-256-2$9(OLS)http://pul/number/150768 996 $6082$a341.2422$9(OLS)http://pul/classification/2385 996 $6245$aLineamenti di diritto processuale comunitario$9(OLS)http://pul/title/165237 996 $6260$aMatelica (MC) :$bHalley$9(OLS)http://pul/publisher/79206 LEADER 01819nam a2200349 a 4500 001 000000165781 003 CaOOAMICUS 005 20180208104414.0 008 180208s2006 gw b u000 u ger r 020 $a978-3-451-23713-3* 032 $aLibriCat 040 $aPUL$bita 100 1 $aRahner, Karl,$cS.I.,$d1904-1984.$0(OLS)http://pul/name/3587 245 10$aIgnatianischer Geist :$bSchriften zu den Exerzitien und zur Spiritualität des Ordensgründers /$cKarl Rahner ; Bearbeitet von Andreas R. Batlogg, Johannes Herzgsell und Stefan Kiechle. 260 $aFreiburg ;$aBasel ;$aWien :$bHerder,$c©2006. 300 $aXXXIV, 682 p. ;$c24 cm. 490 1 $aSämtliche Werke ;$v13 504 $aInclude riferimenti bibliografici. 600 04$aIgnatius Loyola,$cs.,$d1491-1556$xEsercizi spirituali.$0(OLS)http://pul/subject/36269 700 1 $aHerzgsell, Johannes.$0(OLS)http://pul/name/50340 700 1 $aBatlogg, Andreas R.,$cs.j.,$d1962-$0(OLS)http://pul/name/50336 700 1 $aKiechle, Stefan.$0(OLS)http://pul/name/106849 800 1 $aRahner, Karl,$cS.I.,$d1904-1984.$tOpera omnia ;$v13.$0(OLS)http://pul/nameTitle/1412$0(OLS)http://pul/name/3587$0(OLS)http://pul/title/2415 830 0$aKarl Rahner Sämtliche Werke ;$v13.$0(OLS)http://pul/title/205455 850 $aPUL 852 $aPUL$W1$xSL Religione 1$y3$m56 P 13$j190169$qStampati$B193144$CPULBib$Z2$F193144 $H130329 $81 941 1 $a8 983 0$aSämtliche Werke / Rahner, Karl. 996 $6020$a978-3-451-23713-3*$9(OLS)http://pul/number/163414 996 $6245$aIgnatianischer Geist :$bSchriften zu den Exerzitien und zur Spiritualität des Ordensgründers$9(OLS)http://pul/title/205472 996 $6260$aFreiburg ;$aBasel ;$aWien :$bHerder$9(OLS)http://pul/publisher/48104